00498nam a2200157Ia 450000500170000000800410001704100080005808200150006610000200008124500210010126000380012230000090016065000220016999900190019195201300021020250729165341.0250729s2005 xx 000 0 und d aeng a370.1 SINE aRao V K9221516 aSports education aNew DelhibA P H Publishingc2005 a257p aEducation9221517 c235048d235048 00104070aALbALd2025-07-29eSita Book Houseg150.00l0o370.1 SINEpBED00367r2025-07-29 16:53:41v150.00w2025-07-29yBK